000 00682nam a2200217Ii 4500
003 JO-AjNU
008 230606s9999||||xx |||||||||||||| ||und||
020 _a0-07-062018-0
040 _aJO-AjNU
_beng
_erda
_cJO-AjNU
041 _aeng
050 1 4 _aHF5415.2.2006
100 3 _aPerreault,William D/E. Jerome McCarthy,
_eauthor
_91479
245 0 0 _aBasic Marketing:A Global-Managerial Approach
250 _a15th ed
264 3 1 _aNEW DELHI: Tata McGraw-Hill Publishing Company Limited,2006
300 _a844p
_bIncludes indexes 1-18 p
336 _atext
_btxt
_2rdacontent
337 _aunmediated
_bn
_2rdamedia
338 _avolume
_bnc
_2rdacarrier
650 4 _a Marketing
_91480
999 _aE779
_c779
_d779